Ekologické aspekty obalov. 2 Predávajú a hromadia sa na skládkach

Hodnotenie obalu z hľadiska jeho vplyvu na životné prostredie. Najzávažnejším problémom z hľadiska ochrany životného prostredia sú použité spotrebiteľské obaly. Najčastejšou metódou likvidácie obalov je jeho uskladnenie na smetiskách. Systém recyklácie a opätovného využitia obalov.

Gespeichert in:
Bibliographische Detailangaben
1. Verfasser: Pročková, Adriana
Format: Buchkapitel
Sprache:Slowakisch
Schlagworte:
Tags: Tag hinzufügen
Keine Tags, Fügen Sie das erste Tag hinzu!

MARC

LEADER 00000naa a2200000 4500
001 r025822
005 20230626070438.2
041 0 |a slo 
044 |a SK 
245 1 0 |a Ekologické aspekty obalov. 2  |b Predávajú a hromadia sa na skládkach  |c Adriana Pročková 
520 |a Hodnotenie obalu z hľadiska jeho vplyvu na životné prostredie. Najzávažnejším problémom z hľadiska ochrany životného prostredia sú použité spotrebiteľské obaly. Najčastejšou metódou likvidácie obalov je jeho uskladnenie na smetiskách. Systém recyklácie a opätovného využitia obalov. 
610 2 0 |a obaly 
610 2 0 |a ekológia 
610 2 0 |a ochrana prostredia životného 
610 2 0 |a recyklácia odpadu 
610 2 0 |a odpad 
100 1 |a Pročková, Adriana